000 01311nam a22002417a 4500
003 OSt
005 20200916141131.0
008 200916s2007 ck ||||grl||| 00| 0 spa d
020 _a9789587111682
040 _aCO-JMCR
_cCO-JMCR
041 0 _aspa
082 0 4 _a323.04 /
_bP944e
_223
100 1 _aPérez Colmenares, Ramiro,
_eautor
_910295
245 _aEstatuto de participación ciudadano :
_bcódigo anotado :
250 _aNovena edición
260 _aBogotá :
_bLeyer,
_c2007
300 _axiv, 144 páginas ;
_c21 cm.
505 0 _aobjeto y definición -- Inscripción y trámite de las iniciativas legislativas y normas y de la solicitud de referendos -- De la iniciativa popular legislativa y normativa ante las corporaciones públicas -- De los referendos -- La consulta popular -- Consulta para convocar una asamblea constituyente -- De la revocatoria del mandato -- Del plebiscito -- Del cabildo abierto -- Normas sobre divulgación institucional, publicidad y contribuciones -- De la participación democrática de las organizaciones civiles -- Disposiciones generales
650 2 4 _aParticipación ciudadana
_xLegislación
_zColombia
_910296
650 2 4 _aParticipación política
_xLegislación
_zColombia
_910297
650 2 4 _aDemocracia
_xLegislación
_zColombia
_910298
942 _2ddc
_cBK
999 _c6853
_d6853